(Record no. 185935)

MARC details
000 -LEADER
fixed length control field 00474nam a2200157Ia 4500
003 - CONTROL NUMBER IDENTIFIER
control field IQ-KOUCL
041 ## - LANGUAGE CODE
Language code of text/sound track or separate title Arabic
082 ## - DEWEY DECIMAL CLASSIFICATION NUMBER
Classification number 955,01 cut-949 ف
100 ## - MAIN ENTRY--PERSONAL NAME
Personal name 20260118u\\\\\\\\\\\y0engy0103\\\\ba
Personal name د.احمد عبيس فيروز
245 #0 - TITLE STATEMENT
Title تطور الافكار والمعتقدات الدينية في ايران القديمة
250 ## - EDITION STATEMENT
Edition statement ط1
260 ## - PUBLICATION, DISTRIBUTION, ETC. (IMPRINT)
Name of publisher, distributor, etc دار ارام للنشر
Place of publication, distribution, etc دمشق - سوريا
Date of publication, distribution, etc 2022
300 ## - PHYSICAL DESCRIPTION
Extent 314
942 ## - ADDED ENTRY ELEMENTS (KOHA)
Koha item type Books
Holdings
Withdrawn status Lost status Damaged status Not for loan Collection code Home library Current library Shelving location Date acquired Total Checkouts Full call number Barcode Date last seen Copy number Price effective from Koha item type
        200-209 Koya University Central Library Koya University Central Library Books 18/01/2026   955,01 cut-949 ف 0000068749 18/01/2026 1 18/01/2026 Books